[Event "Rubinstein Memorial"]
[Site "Polanica Zdroj"]
[Date "1993.??.??"]
[Round "2"]
[White "Dolmatov, Sergey"]
[Black "Romanishin, Oleg"]
[Result "1/2-1/2"]
[WhiteElo "2630"]
[BlackElo "2615"]
[PlyCount "43"]
[EventDate "1993.08.??"]
[EventType "tourn"]
[EventRounds "11"]
[EventCountry "POL"]
[EventCategory "13"]
[SourceTitle "CBM 037"]
[Source "ChessBase"]
[SourceDate "1993.12.01"]
[SourceVersion "1"]
[SourceVersionDate "1993.12.01"]
[SourceQuality "1"]

1. e4 e5 2. Nf3 Nc6 3. Bb5 a6 4. Ba4 Nf6 5. O-O Be7 6. Re1 b5 7. Bb3 d6 8. c3
O-O 9. h3 Na5 10. Bc2 c5 11. d4 Bb7 12. d5 Nc4 13. b3 Nb6 14. a4 Bc8 15. Be3
Qc7 16. Nbd2 g6 17. Qe2 Bd7 18. axb5 axb5 19. Bd3 Rfb8 20. Rxa8 Nxa8 21. Ra1
Qc8 22. Qd1 1/2-1/2

[Event "Rubinstein Memorial"]
[Site "Polanica Zdroj"]
[Date "1993.??.??"]
[Round "10"]
[White "Markowski, Tomasz"]
[Black "Dolmatov, Sergey"]
[Result "1/2-1/2"]
[WhiteElo "2465"]
[BlackElo "2630"]
[Annotator "Chekhov"]
[PlyCount "69"]
[EventDate "1993.08.??"]
[EventType "tourn"]
[EventRounds "11"]
[EventCountry "POL"]
[EventCategory "13"]
[SourceTitle "CBM 037"]
[Source "ChessBase"]
[SourceDate "1993.12.01"]
[SourceVersion "1"]
[SourceVersionDate "1993.12.01"]
[SourceQuality "1"]

1. c4 g6 2. Nc3 Bg7 3. Nf3 Nf6 4. e4 d6 5. d4 O-O 6. Be2 e5 7. O-O Nc6 8. d5
Ne7 9. Ne1 Nd7 10. f3 f5 11. g4 Kh8 (11... h6 {/\fg,g5,Ng6/} 12. h4 Nf6 13. Ng2
c6 14. Be3 {Nikolaidis,I-Georgiev,Kr Athens 1993 Inf 57/625/}) (11... Nf6 12.
Nd3 c6 13. Be3 Kh8 14. h3 b5 15. Nb4 Bb7 16. dxc6 Nxc6 17. Nxc6 Bxc6 18. cxb5
Bb7 19. Bc4 $1 $16 {Lukacs,P-Loginov,V Budapest 1993 Inf 57/625; 15...cd!?; 15.
..bc!?/}) 12. Ng2 (12. Be3 Ng8 13. Qd2 Ndf6 14. h3 h5 15. Kg2 Nh7 16. Nd3 hxg4
17. hxg4 Ngf6 $132 {Pinter,J-Georgiev,Kr Warszawa 1987 Inf 43/760/}) 12... Ng8
13. h4 a5 14. Be3 Nc5 15. Rc1 $5 $146 (15. exf5 gxf5 16. g5 f4 $1 17. Bxc5 dxc5
18. Ne4 Ne7 {Zilberstein,V-Petrushin,A SSSR 1979 Inf 28/739/} 19. Kf2 $13) (15.
g5 f4 16. Bf2 h6 $17) (15. Rb1 Bd7 16. b3 b6 17. a3 a4 $1 $15 {Pinter,J-Nunn,J
Thessaloniki 1988 Inf 46/832/}) 15... Qe7 (15... Bd7 $5 16. Bxc5 dxc5 17. d6 c6
) 16. a3 fxg4 17. fxg4 Rxf1+ 18. Kxf1 Nf6 19. Bf3 Bd7 20. b4 axb4 21. axb4 Na4
22. Nb5 c6 $8 23. dxc6 bxc6 24. Nxd6 (24. Qxd6 $2 Qf7 $19) 24... Nxg4 25. Bxg4
Bxg4 26. Qxg4 Qxd6 27. c5 (27. Kg1 $5 Qxb4 28. h5 gxh5 29. Qxh5 $44) 27... Qd3+
28. Kg1 Nc3 29. Re1 Rf8 $5 (29... Qxe4 $5 30. Qxe4 Nxe4 $17) 30. Bf2 Qc4 31. h5
gxh5 32. Qxh5 Qxb4 $6 (32... Nxe4 $5 33. Nh4 Rxf2 34. Ng6+ Kg8 35. Ne7+ Kf8 $19
) 33. Nh4 Rf6 (33... Kg8 34. Nf5 $36) 34. Qe8+ Rf8 (34... Bf8 35. Qxe5) 35. Qh5
(35. Qxc6 $5) 1/2-1/2

[Event "WchT 3rd"]
[Site "Luzern"]
[Date "1993.??.??"]
[Round "6"]
[White "Zagrebelny, Sergey"]
[Black "Dolmatov, Sergey"]
[Result "1/2-1/2"]
[WhiteElo "2535"]
[BlackElo "2630"]
[PlyCount "28"]
[EventDate "1993.10.??"]
[EventType "team-tourn"]
[EventRounds "9"]
[EventCountry "SUI"]
[SourceTitle "CBM 038"]
[Source "ChessBase"]
[SourceDate "1994.02.01"]
[SourceVersion "1"]
[SourceVersionDate "1994.02.01"]
[SourceQuality "1"]

1. e4 e6 2. d4 d5 3. Nd2 c5 4. exd5 exd5 5. Ngf3 Nf6 6. Bb5+ Bd7 7. Bxd7+ Nbxd7
8. O-O Be7 9. dxc5 Nxc5 10. Nd4 Qd7 11. Re1 O-O 12. Nf1 Rfe8 13. f3 Ne6 14. Be3
Bc5 1/2-1/2

[Event "WchT 3rd"]
[Site "Luzern"]
[Date "1993.??.??"]
[Round "9"]
[White "Bagirov, Vladimir"]
[Black "Dolmatov, Sergey"]
[Result "1/2-1/2"]
[WhiteElo "2525"]
[BlackElo "2630"]
[PlyCount "31"]
[EventDate "1993.10.??"]
[EventType "team-tourn"]
[EventRounds "9"]
[EventCountry "SUI"]
[SourceTitle "CBM 038"]
[Source "ChessBase"]
[SourceDate "1994.02.01"]
[SourceVersion "1"]
[SourceVersionDate "1994.02.01"]
[SourceQuality "1"]

1. d4 Nf6 2. c4 g6 3. Nc3 Bg7 4. e4 d6 5. Nf3 O-O 6. h3 Nbd7 7. Be3 e5 8. d5
Nc5 9. Nd2 a5 10. g4 c6 11. Be2 a4 12. Bxc5 dxc5 13. Nxa4 Qa5 14. Nc3 Bh6 15.
Qc2 Bd7 16. Rg1 1/2-1/2

[Event "Bern"]
[Site "Bern"]
[Date "1994.??.??"]
[Round "?"]
[White "Dolmatov, Sergey"]
[Black "Zimmer, Ralph"]
[Result "1-0"]
[WhiteElo "2610"]
[BlackElo "2300"]
[PlyCount "81"]
[EventDate "1994.??.??"]
[EventType "game"]
[EventCountry "SUI"]
[SourceTitle "EXT 2010"]
[Source "ChessBase"]
[SourceDate "2009.11.30"]
[SourceVersion "1"]
[SourceVersionDate "2009.11.30"]
[SourceQuality "1"]

1. e4 e6 2. d4 d5 3. Nc3 Bb4 4. e5 Qd7 5. a3 Bxc3+ 6. bxc3 b6 7. Qg4 f5 8. Qg3
Ba6 9. Bxa6 Nxa6 10. Ne2 O-O-O 11. h4 Nb8 12. h5 Nc6 13. Kf1 Na5 14. h6 g6 15.
Bg5 Re8 16. Qd3 Qa4 17. f3 Nc4 18. Kf2 Nb2 19. Qd2 Nc4 20. Qd1 Ne7 21. Ra2 Nc6
22. Nf4 Nd8 23. Bf6 Rhg8 24. g4 fxg4 25. fxg4 Nf7 26. Kg3 Qa5 27. Qd3 c5 28. g5
cxd4 29. cxd4 Nd2 30. Kg4 Kd7 31. c3 Nc4 32. Rf1 Qb5 33. Kh4 Qb3 34. Raf2 Qxa3
35. Qh3 Qa5 36. Nxe6 Rxe6 37. Be7 Re8 38. Bb4 Qa4 39. Rxf7+ Kc6 40. R1f6 Rxf6
41. Qd7# 1-0

[Event "Bern op"]
[Site "Bern"]
[Date "1994.??.??"]
[Round "2"]
[White "Dolmatov, Sergey"]
[Black "O'Cinneide, Mel"]
[Result "1-0"]
[WhiteElo "2610"]
[BlackElo "2270"]
[PlyCount "62"]
[EventDate "1994.02.??"]
[EventType "swiss"]
[EventRounds "9"]
[EventCountry "SUI"]
[SourceTitle "TD"]
[Source "ChessBase"]
[SourceDate "1994.03.01"]
[SourceVersion "1"]
[SourceVersionDate "1994.03.01"]
[SourceQuality "1"]

1. e4 c6 2. d4 d5 3. exd5 cxd5 4. c4 Nf6 5. Nc3 g6 6. Qb3 Bg7 7. cxd5 O-O 8.
Be2 Nbd7 9. Bf3 Nb6 10. Nge2 Bg4 11. Bxg4 Nxg4 12. Bf4 Nf6 13. d6 exd6 14. a4
a5 15. O-O Re8 16. Rad1 Rc8 17. Qb5 Rc4 18. Bg5 h6 19. Bxf6 Bxf6 20. b3 Rb4 21.
Qxa5 Rxb3 22. Rb1 Rxb1 23. Rxb1 Nc4 24. Qd5 Na5 25. Ne4 Qe7 26. N2c3 Nc6 27.
Rxb7 Qxb7 28. Nxf6+ Kf8 29. Nxe8 Qb2 30. Qxd6+ Ne7 31. g3 Qxc3 1-0

[Event "Bern op"]
[Site "Bern"]
[Date "1994.??.??"]
[Round "3"]
[White "Adler, Joel"]
[Black "Dolmatov, Sergey"]
[Result "1/2-1/2"]
[WhiteElo "2320"]
[BlackElo "2610"]
[PlyCount "61"]
[EventDate "1994.02.??"]
[EventType "swiss"]
[EventRounds "9"]
[EventCountry "SUI"]
[SourceTitle "TD"]
[Source "ChessBase"]
[SourceDate "1994.03.01"]
[SourceVersion "1"]
[SourceVersionDate "1994.03.01"]
[SourceQuality "1"]

1. d4 Nf6 2. c4 g6 3. Nc3 Bg7 4. e4 d6 5. f3 O-O 6. Be3 e5 7. Nge2 c6 8. Qd2
Nbd7 9. O-O-O a6 10. Kb1 b5 11. Nc1 exd4 12. Bxd4 Rb8 13. Nb3 bxc4 14. Bxc4 a5
15. a3 a4 16. Nxa4 Re8 17. Na5 Qc7 18. Rc1 c5 19. Be3 Ne5 20. Bb3 Bd7 21. Bc2
Ra8 22. Rhd1 Ra6 23. f4 Neg4 24. e5 dxe5 25. h3 Rea8 26. hxg4 Bxa4 27. Bxa4 Ne4
28. Qd7 Nc3+ 29. Rxc3 Qxa5 30. Bb3 Rf8 31. fxe5 1/2-1/2

[Event "Bern op"]
[Site "Bern"]
[Date "1994.??.??"]
[Round "4"]
[White "Dolmatov, Sergey"]
[Black "Neckar, Lubomir"]
[Result "1/2-1/2"]
[WhiteElo "2610"]
[BlackElo "2360"]
[PlyCount "38"]
[EventDate "1994.02.??"]
[EventType "swiss"]
[EventRounds "9"]
[EventCountry "SUI"]
[SourceTitle "TD"]
[Source "ChessBase"]
[SourceDate "1994.03.01"]
[SourceVersion "1"]
[SourceVersionDate "1994.03.01"]
[SourceQuality "1"]

1. e4 Nf6 2. e5 Nd5 3. d4 d6 4. Nf3 g6 5. Bc4 Nb6 6. Bb3 Nc6 7. Qe2 Bg7 8. O-O
dxe5 9. dxe5 Nd4 10. Nxd4 Qxd4 11. e6 Bxe6 12. Bxe6 fxe6 13. Qxe6 Qc4 14. Qxc4
Nxc4 15. c3 O-O-O 16. a4 Rhf8 17. f3 Be5 18. Na3 Nxa3 19. Rxa3 Bf4 1/2-1/2

[Event "Bern op"]
[Site "Bern"]
[Date "1994.??.??"]
[Round "7"]
[White "Tisdall, Jonathan D"]
[Black "Dolmatov, Sergey"]
[Result "0-1"]
[WhiteElo "2465"]
[BlackElo "2610"]
[PlyCount "114"]
[EventDate "1994.02.??"]
[EventType "swiss"]
[EventRounds "9"]
[EventCountry "SUI"]
[SourceTitle "TD"]
[Source "ChessBase"]
[SourceDate "1994.03.01"]
[SourceVersion "1"]
[SourceVersionDate "1994.03.01"]
[SourceQuality "1"]

1. Nf3 Nf6 2. c4 g6 3. Nc3 Bg7 4. g3 O-O 5. Bg2 c6 6. d4 d5 7. cxd5 cxd5 8. Ne5
e6 9. O-O Nfd7 10. f4 Nc6 11. Nxc6 bxc6 12. Be3 a5 13. Rc1 Ba6 14. Bf3 Qe7 15.
Qc2 Rfc8 16. Rfd1 Nb6 17. Bf2 f5 18. e3 a4 19. Nb1 Nc4 20. b3 axb3 21. axb3 Nd6
22. Nc3 Rcb8 23. Na4 Bb5 24. Nc5 Ne4 25. Nxe4 fxe4 26. Be2 Ra6 27. Be1 Qa7 28.
Bg4 Kf7 29. Bb4 Bd3 30. Qc3 Qb6 31. Bd6 Rb7 32. b4 Qb5 33. Ra1 Rba7 34. Rxa6
Qxa6 35. Bb8 Ra8 36. Bd6 Qc4 37. Rc1 Qxc3 38. Rxc3 Ra1+ 39. Kf2 h5 40. Bh3 Ra2+
41. Kg1 Ra1+ 42. Kf2 Bb5 43. Rc2 Bf6 44. Bg2 g5 45. fxg5 Bxg5 46. h4 Bh6 47.
Rb2 Ra3 48. Bf4 Bxf4 49. gxf4 Kf6 50. Bh3 Ra1 51. Bg2 Rc1 52. Kg3 Bf1 53. Ra2
Bxg2 54. Rxg2 Rh1 55. Rh2 Rb1 56. Kf2 Kf5 57. Kg3 Rxb4 0-1

[Event "Bern op"]
[Site "Bern"]
[Date "1994.??.??"]
[Round "8"]
[White "Dolmatov, Sergey"]
[Black "Liiva, Riho"]
[Result "1/2-1/2"]
[WhiteElo "2610"]
[BlackElo "2395"]
[PlyCount "58"]
[EventDate "1994.02.??"]
[EventType "swiss"]
[EventRounds "9"]
[EventCountry "SUI"]
[SourceTitle "TD"]
[Source "ChessBase"]
[SourceDate "1994.03.01"]
[SourceVersion "1"]
[SourceVersionDate "1994.03.01"]
[SourceQuality "1"]

1. e4 c5 2. Nf3 Nc6 3. d4 cxd4 4. Nxd4 e5 5. Nb5 d6 6. c4 Be7 7. N1c3 a6 8. Na3
Be6 9. Nc2 Bg5 10. Be2 Bxc1 11. Rxc1 Nf6 12. O-O O-O 13. Qd2 Qb6 14. Rfd1 Rfd8
15. b4 Ne7 16. a3 Qa7 17. Qe3 Qxe3 18. Nxe3 Nc6 19. Nc2 Rac8 20. f3 Nb8 21. Ne3
Nc6 22. Bd3 Kf8 23. Ne2 a5 24. b5 Nb8 25. Bb1 Ke7 26. Rc2 Nbd7 27. Ba2 Nb6 28.
Nc1 Nfd7 29. Nd3 Nc5 1/2-1/2

[Event "Cannes op"]
[Site "Cannes"]
[Date "1994.??.??"]
[Round "?"]
[White "Dolmatov, Sergey"]
[Black "Sosonko, Gennadi"]
[Result "1-0"]
[WhiteElo "2610"]
[BlackElo "2525"]
[PlyCount "101"]
[EventDate "1994.02.??"]
[EventType "swiss"]
[EventRounds "9"]
[EventCountry "FRA"]
[SourceTitle "EXT 2003"]
[Source "ChessBase"]
[SourceDate "2002.11.25"]
[SourceVersion "1"]
[SourceVersionDate "2002.11.25"]
[SourceQuality "1"]

1. e4 c5 2. c3 d5 3. exd5 Qxd5 4. d4 Nf6 5. Be3 cxd4 6. cxd4 e6 7. Nc3 Qd8 8.
Nf3 Be7 9. Bd3 Nc6 10. a3 O-O 11. Qc2 Bd7 12. O-O Rc8 13. Rad1 Qa5 14. Qe2 Rfd8
15. h3 Be8 16. Rfe1 Nd5 17. Bd2 Qb6 18. Nxd5 exd5 19. Bf4 Bd7 20. Bb1 Re8 21.
Ne5 Nxe5 22. dxe5 Be6 23. Be3 Bc5 24. Bxc5 Rxc5 25. Qd3 g6 26. Qd4 Rb5 27. Qxb6
Rxb6 28. Re2 Rc8 29. Ba2 Rc5 30. f4 Kf8 31. Kf2 Ke7 32. Rdd2 d4 33. Bxe6 Kxe6
34. Rxd4 a5 35. b4 axb4 36. axb4 Rcb5 37. Ree4 h5 38. Kg3 Rd5 39. Kh4 Rc6 40.
g4 hxg4 41. hxg4 b5 42. Kg5 Rxd4 43. Rxd4 Rc4 44. Rd6+ Ke7 45. Rf6 Rxb4 46. Kh6
Ke8 47. Kg7 g5 48. f5 Rxg4 49. Rxf7 Re4 50. e6 g4 51. Kf6 1-0

[Event "Cannes op"]
[Site "Cannes"]
[Date "1994.??.??"]
[Round "3"]
[White "Dolmatov, Sergey"]
[Black "Giffard, Nicolas"]
[Result "0-1"]
[WhiteElo "2610"]
[BlackElo "2410"]
[PlyCount "63"]
[EventDate "1994.02.??"]
[EventType "swiss"]
[EventRounds "9"]
[EventCountry "FRA"]
[SourceTitle "EXT 1997"]
[Source "ChessBase"]
[SourceDate "1996.11.15"]
[SourceVersion "1"]
[SourceVersionDate "1996.11.15"]
[SourceQuality "1"]

1. e4 c5 2. Nf3 a6 3. c3 b5 4. d4 Bb7 5. Bd3 e6 6. O-O Nf6 7. Re1 Be7 8. a3 d6
9. Nbd2 cxd4 10. cxd4 Nbd7 11. Nf1 O-O 12. Ng3 Re8 13. Qe2 Qb8 14. Bd2 Rc8 15.
Rad1 Qc7 16. h3 Qd8 17. Nh2 Qf8 18. f4 Nb6 19. Nf3 Na4 20. Bc1 b4 21. axb4 d5
22. e5 Ne4 23. Nxe4 dxe4 24. Bxe4 Bxe4 25. Qxe4 Rab8 26. f5 Rxb4 27. fxe6 fxe6
28. Qg4 Rc6 29. Bd2 Rxb2 30. d5 exd5 31. Qxa4 Rcc2 32. Qd7 0-1

[Event "Cannes op"]
[Site "Cannes"]
[Date "1994.??.??"]
[Round "6"]
[White "Renet, Olivier"]
[Black "Dolmatov, Sergey"]
[Result "1/2-1/2"]
[WhiteElo "2485"]
[BlackElo "2610"]
[PlyCount "49"]
[EventDate "1994.02.??"]
[EventType "swiss"]
[EventRounds "9"]
[EventCountry "FRA"]
[SourceTitle "EXT 1997"]
[Source "ChessBase"]
[SourceDate "1996.11.15"]
[SourceVersion "1"]
[SourceVersionDate "1996.11.15"]
[SourceQuality "1"]

1. e4 e6 2. d4 d5 3. Nc3 Bb4 4. e5 c5 5. a3 Bxc3+ 6. bxc3 Ne7 7. Qg4 O-O 8. Bd3
Nbc6 9. Bg5 Qa5 10. Ne2 Ng6 11. O-O c4 12. Bxg6 fxg6 13. h4 Qc7 14. f3 Qf7 15.
Kf2 Qf5 16. Qxf5 gxf5 17. h5 h6 18. Be3 Bd7 19. Nf4 Rf7 20. Ke2 b6 21. Bf2 Rb8
22. Kd2 Rb7 23. Rh1 Rb8 24. Ke3 b5 25. Rhb1 1/2-1/2

[Event "EU-Cup final"]
[Site "Lyon"]
[Date "1994.??.??"]
[Round "?"]
[White "Malisauskas, Vidmantas"]
[Black "Dolmatov, Sergey"]
[Result "1/2-1/2"]
[WhiteElo "2510"]
[BlackElo "2615"]
[PlyCount "61"]
[EventDate "1994.11.??"]
[EventType "team"]
[EventRounds "3"]
[EventCountry "FRA"]
[SourceTitle "CBM 045"]
[Source "ChessBase"]
[SourceDate "1995.04.01"]
[SourceVersion "1"]
[SourceVersionDate "1995.04.01"]
[SourceQuality "1"]

1. e4 e6 2. d4 d5 3. exd5 exd5 4. Nf3 Nc6 5. Bb5 Bd6 6. c4 dxc4 7. d5 a6 8. Ba4
b5 9. dxc6 bxa4 10. O-O Ne7 11. Qxa4 O-O 12. Nbd2 c3 13. bxc3 Qe8 14. Ne4 Qxc6
15. Qxc6 Nxc6 16. Nxd6 cxd6 17. Bf4 d5 18. Rfb1 Be6 19. Rb6 Rfc8 20. h3 h6 21.
a4 Nd8 22. Ra3 Nc6 23. a5 Bf5 24. Bd6 Bd3 25. Nd4 Nxd4 26. cxd4 Rc1+ 27. Kh2
Rd1 28. Rab3 Re8 29. Rb8 Rxb8 30. Rxb8+ Kh7 31. Rb7 1/2-1/2

[Event "EU-Cup final"]
[Site "Lyon"]
[Date "1994.??.??"]
[Round "?"]
[White "Pinter, Jozsef"]
[Black "Dolmatov, Sergey"]
[Result "1/2-1/2"]
[WhiteElo "2550"]
[BlackElo "2615"]
[PlyCount "131"]
[EventDate "1994.11.??"]
[EventType "team"]
[EventRounds "3"]
[EventCountry "FRA"]
[SourceTitle "CBM 045"]
[Source "ChessBase"]
[SourceDate "1995.04.01"]
[SourceVersion "1"]
[SourceVersionDate "1995.04.01"]
[SourceQuality "1"]

1. d4 Nf6 2. c4 g6 3. Nc3 Bg7 4. e4 d6 5. Bd3 O-O 6. Nge2 Nc6 7. O-O Nd7 8. Bc2
e5 9. d5 Ne7 10. Ng3 a5 11. Be3 Nc5 12. Qd2 b6 13. Rae1 Kh8 14. a3 Nd7 15. Kh1
Ng8 16. Ba4 Ne7 17. Bc2 Ng8 18. Nb5 Ne7 19. b3 Ba6 20. f3 Kg8 21. Nc3 Kh8 22.
Rb1 Qe8 23. Bd3 Nc5 24. Be2 a4 25. Bxc5 bxc5 26. b4 f5 27. exf5 cxb4 28. f6
bxc3 29. fxg7+ Kxg7 30. Qxc3 Nf5 31. Nxf5+ Rxf5 32. Bd3 Rf7 33. Rfe1 Bc8 34. c5
Qe7 35. Be4 Bf5 36. Kg1 Bxe4 37. Rxe4 dxc5 38. Rb5 Kg8 39. Rxe5 Qd6 40. Rxc5
Qb6 41. Re6 Qb3 42. h3 Qxc3 43. Rxc3 Ra5 44. Re4 Rxd5 45. Rxa4 c5 46. Re4 Ra7
47. a4 Rd1+ 48. Kh2 Rd4 49. Ra3 Rb4 50. a5 Rb5 51. a6 Rb6 52. Rea4 h5 53. Kg3
Rc6 54. Kf4 c4 55. Rc3 Raxa6 56. Rxa6 Rxa6 57. Rxc4 Kg7 58. g4 hxg4 59. hxg4
Rf6+ 60. Kg5 Rxf3 61. Rc6 Rf7 62. Rxg6+ Kh7 63. Ra6 Kg7 64. Kh5 Rb7 65. g5 Rc7
66. Rb6 1/2-1/2

[Event "Haifa"]
[Site "Haifa"]
[Date "1995.??.??"]
[Round "7"]
[White "Kosashvili, Yona"]
[Black "Dolmatov, Sergey"]
[Result "1/2-1/2"]
[WhiteElo "2560"]
[BlackElo "2605"]
[PlyCount "32"]
[EventDate "1995.01.??"]
[EventType "tourn"]
[EventRounds "11"]
[EventCountry "ISR"]
[EventCategory "14"]
[SourceTitle "CBM 046"]
[Source "ChessBase"]
[SourceDate "1995.06.01"]
[SourceVersion "1"]
[SourceVersionDate "1995.06.01"]
[SourceQuality "1"]

1. e4 e6 2. d4 d5 3. exd5 exd5 4. Nf3 Nc6 5. Bb5 Bd6 6. c4 dxc4 7. d5 a6 8. Ba4
b5 9. dxc6 bxa4 10. Qxa4 Ne7 11. O-O O-O 12. Nbd2 c3 13. bxc3 Qe8 14. Ne4 Qxc6
15. Qxc6 Nxc6 16. Nxd6 cxd6 1/2-1/2

[Event "Novgorod op"]
[Site "Novgorod"]
[Date "1995.??.??"]
[Round "2"]
[White "Vaulin, Alexander"]
[Black "Dolmatov, Sergey"]
[Result "1/2-1/2"]
[WhiteElo "2510"]
[BlackElo "2605"]
[PlyCount "40"]
[EventDate "1995.05.??"]
[EventType "swiss"]
[EventRounds "9"]
[EventCountry "RUS"]
[SourceTitle "EXT 2000"]
[Source "ChessBase"]
[SourceDate "1999.11.16"]
[SourceVersion "1"]
[SourceVersionDate "1999.11.16"]
[SourceQuality "1"]

1. c4 Nf6 2. g3 g6 3. Bg2 Bg7 4. Nc3 O-O 5. d4 d6 6. Nf3 Nbd7 7. O-O e5 8. e4
c6 9. h3 Qb6 10. d5 Nc5 11. Qe2 a5 12. Be3 a4 13. Rfc1 Bd7 14. Ne1 cxd5 15.
cxd5 Rfc8 16. Nd3 Bb5 17. Nxb5 Qxb5 18. Bxc5 dxc5 19. Rc2 Nd7 20. h4 c4 1/2-1/2

[Event "Novgorod op"]
[Site "Novgorod"]
[Date "1995.??.??"]
[Round "5"]
[White "Dolmatov, Sergey"]
[Black "Makarov, Marat"]
[Result "1/2-1/2"]
[WhiteElo "2605"]
[BlackElo "2520"]
[PlyCount "40"]
[EventDate "1995.05.??"]
[EventType "swiss"]
[EventRounds "9"]
[EventCountry "RUS"]
[SourceTitle "EXT 2000"]
[Source "ChessBase"]
[SourceDate "1999.11.16"]
[SourceVersion "1"]
[SourceVersionDate "1999.11.16"]
[SourceQuality "1"]

1. e4 c5 2. c3 d5 3. exd5 Qxd5 4. d4 Nf6 5. Nf3 Bg4 6. Be2 e6 7. h3 Bh5 8. O-O
Be7 9. Be3 cxd4 10. c4 Qa5 11. Nxd4 Bxe2 12. Qxe2 O-O 13. Nd2 Nbd7 14. a3 a6
15. b4 Qc7 16. N2b3 b6 17. Rac1 Rfc8 18. Rfd1 Qb7 19. Bd2 Bf8 20. Re1 a5
1/2-1/2

[Event "Novgorod op"]
[Site "Novgorod"]
[Date "1995.??.??"]
[Round "6"]
[White "Yemelin, Vasily"]
[Black "Dolmatov, Sergey"]
[Result "1/2-1/2"]
[WhiteElo "2515"]
[BlackElo "2605"]
[PlyCount "30"]
[EventDate "1995.05.??"]
[EventType "swiss"]
[EventRounds "9"]
[EventCountry "RUS"]
[SourceTitle "EXT 2000"]
[Source "ChessBase"]
[SourceDate "1999.11.16"]
[SourceVersion "1"]
[SourceVersionDate "1999.11.16"]
[SourceQuality "1"]

1. e4 e6 2. d4 d5 3. Nd2 c5 4. Ngf3 Nc6 5. exd5 exd5 6. Bb5 cxd4 7. O-O Bd6 8.
Nb3 Nge7 9. Bxc6+ bxc6 10. Qxd4 O-O 11. Bf4 Nf5 12. Qd2 Be7 13. Nfd4 Nxd4 14.
Qxd4 Bf5 15. c3 Bc2 1/2-1/2

[Event "Novgorod op"]
[Site "Novgorod"]
[Date "1995.??.??"]
[Round "8"]
[White "Brodsky, Michail"]
[Black "Dolmatov, Sergey"]
[Result "1/2-1/2"]
[WhiteElo "2530"]
[BlackElo "2605"]
[PlyCount "51"]
[EventDate "1995.05.??"]
[EventType "swiss"]
[EventRounds "9"]
[EventCountry "RUS"]
[SourceTitle "EXT 2000"]
[Source "ChessBase"]
[SourceDate "1999.11.16"]
[SourceVersion "1"]
[SourceVersionDate "1999.11.16"]
[SourceQuality "1"]

1. e4 e6 2. d4 d5 3. Nd2 c5 4. Ngf3 Nc6 5. exd5 exd5 6. Bb5 cxd4 7. Nxd4 Bd7 8.
Qe2+ Qe7 9. N2b3 Qxe2+ 10. Nxe2 Nf6 11. Be3 a6 12. Bxc6 Bxc6 13. O-O-O O-O-O
14. Bd4 Nd7 15. Ng3 Rg8 16. f3 g6 17. Ne2 Bd6 18. Bf2 Be5 19. Bg3 Bxg3 20. hxg3
h5 21. Nbd4 Rge8 22. Rde1 Kc7 23. Nf4 Kd6 24. Kd2 Ne5 25. b3 Bd7 26. c3 1/2-1/2

[Event "Kemerovo1"]
[Site "Kemerovo"]
[Date "1995.??.??"]
[Round "1"]
[White "Iskusnyh, Sergei"]
[Black "Dolmatov, Sergey"]
[Result "1/2-1/2"]
[WhiteElo "2430"]
[BlackElo "2615"]
[Annotator "Belov"]
[PlyCount "62"]
[EventDate "1995.08.??"]
[SourceTitle "CBM 050"]
[Source "ChessBase"]
[SourceDate "1996.02.01"]
[SourceVersion "1"]
[SourceVersionDate "1996.02.01"]
[SourceQuality "1"]

1. d4 Nf6 2. c4 g6 3. Nc3 Bg7 4. e4 d6 5. Be2 O-O 6. Nf3 e5 7. d5 a5 8. Bg5 h6
9. Bh4 Na6 10. O-O Qe8 11. Nd2 Nh7 12. a3 Bd7 13. Kh1 h5 14. f3 Bf6 (14... Bh6
15. b3 (15. Rb1 Nc5 16. b3 f5 17. Qc2 Be3 18. b4 axb4 19. axb4 Na6 20. exf5
gxf5 21. Bf2 Bxf2 22. Rxf2 $13 {Khenkin,I-Istratesku.A/Biel op/1994/0,5/42/})
15... Qb8 (15... Be3 16. Qc2 f5 17. exf5 gxf5 18. Bf2 Bxf2 19. Rxf2 Nf6 20. Rg1
Kh8 21. Qb2 c5 $5 (21... Nc5 22. b4 axb4 23. axb4 Na4 24. Nxa4 Rxa4 25. Bd1 Ra8
26. f4 $14 {Kramnik,V-Gelfand,B/Linares/1994/0,5/41/}) 22. f4 {[Kramnik,
V-Bologan,V/BL9495/0,5/44/]} e4 $10) 16. Qc2 Be3 17. Rae1 (17. Bf2 Qa7 18. Bxe3
Qxe3 19. f4 (19. Rae1 Qh6 $10) 19... exf4 20. Rae1 Qc5 21. Qc1 Qd4 22. Rxf4
Rae8 $15 {Shirov,A-Polgar,J/Madrid/1994/0:1/40/}) 17... Qa7 18. Nd1 Bc5 19. Qc1
Rae8 20. Bd3 c6 21. Nb1 $1 $14 {Kramnik,V-Nunn,J/BL9495/1:0/43/}) 15. Bf2 (15.
Bxf6 $6 Nxf6 16. b3 Qe7 17. Qe1 Kg7 18. Qf2 $6 (18. h4) 18... h4 $1 $15 {
Gulko,B-Kasparov,G/Novgorod/1995/0:1/44/}) 15... Bg5 16. b3 c5 $5 (16... Qe7
17. Rb1 h4 (17... Bf4 $5) 18. b4 $14 {Nenashev,A-Thepsay,P/Moscow olm/1994/1:0/
38/}) 17. dxc6 (17. Rb1 h4 18. Na2 Qe7 19. b4 axb4 20. axb4 b6 $10) 17... bxc6
18. Rb1 Qe7 (18... Rb8 $6 19. c5 $1 Nxc5 20. Nc4 $40) 19. b4 axb4 20. axb4 Rfb8
21. b5 Nc5 $10 22. Nb3 Ne6 (22... Nxb3 $6 23. Rxb3 Nf6 24. Qd3 h4 25. Rfb1 $16)
23. Re1 h4 24. Bf1 Nf6 25. bxc6 Bxc6 26. Nd5 Qd8 (26... Bxd5 $6 27. cxd5 $16)
27. Qc2 Nd7 $1 28. Red1 Qf8 29. Qc3 Ba4 30. Re1 Qh6 31. Ne3 Qf8 1/2-1/2